Normal view
MARC view
Entry Topical Term
001 - CONTROL NUMBER
- control field: 484014
003 - CONTROL NUMBER IDENTIFIER
- control field: OSt
005 - DATE AND TIME OF LATEST TRANSACTION
- control field: 20220928133016.0
008 - FIXED-LENGTH DATA ELEMENTS
- fixed length control field: 220928|| aca||aabn | a|a d
040 ## - CATALOGING SOURCE
- Original cataloging agency: OSt
- Transcribing agency: OSt
150 ## - HEADING--TOPICAL TERM
- Topical term or geographic name entry element: Kautlaya-Arthastra
670 ## - SOURCE DATA FOUND
- Source citation: Work cat.: (OSt)797290: Unni N P Tr. 413058, Arthasastra of Kautalya. 3V. Commentary of Mahamahopadhyays; and T. Ganapati. Sastri., 2006
